El proceso ante el Tribunal Internacional de Justicia

Detalles Bibliográficos
Autor principal: Acosta Estv̌ez, Jos ̌B
Formato: Desconocido
Lenguaje:español
Publicado: Barcelona : J.M. Bosch, 1995
Materias:
Acceso en línea:Acceso restringido

MARC

LEADER 00000ny a22000003n 4500
005 20110530110541.0
008 080610s1995 sp s 000 0 spa c
017 |a DL. B.24364-1995 
020 |a 8476983336 
035 |a 1180 
040 |a UMA.RE  |d vLex 
080 |a 341.645.2(0.034) 
090 |c 352  |d 352 
100 1 |a Acosta Estv̌ez, Jos ̌B 
245 1 3 |a El proceso ante el Tribunal Internacional de Justicia  |h [Recurso electrn̤ico]  |c Jos ̌B. Acosta Estv̌ez 
256 |a Servicio en ln̕ea 
260 |a Barcelona :  |b J.M. Bosch,  |c 1995 
506 1 |a Contenido solo disponible en los productos indicados  |d vLex Global  |d vLex Global (Academic Edition, excluding Law Schools)  |d vLex Global (U.S. Academic Edition, Law Schools)  |d vLex Global (U.S. Academic Edition, excluding Law Schools)  |d vLex Global (Academic Edition, Law Schools) 
650 0 7 |a Procesal  |2 Tesauro vLex 
740 0 |a vLex Libros (Servicios en ln̕ea) 
856 4 0 |u http://vlex.com/source/1180  |z Acceso restringido 
942 |c BOOK 
999 0 |a Procedure (Law)  |b Barcelona